La estética del oprimido

Guardat en:
Dades bibliogràfiques
Autor principal: Boal, Augusto
Format: Llibre
Idioma:espanyol
Publicat: Buenos Aires, Argentina Interzona 2016
Col·lecció:Colección Zona de Teatro
Matèries:
Etiquetes: Afegir etiqueta
Sense etiquetes, Sigues el primer a etiquetar aquest registre!

MARC

LEADER 00000cam a2200000 a 4500
001 UCD8553
003 CL-VaPUC
005 20240703162359.0
008 170519e20160000ag |||||||||||||||||spa|d
999 |c 367935  |d 367933 
020 |a 9789873874321 
040 |c Pontificia Universidad Católica de Valparaíso 
082 0 4 |a 792.01 BOA 2016  |2 21 
100 0 |a Boal, Augusto  |9 592079 
245 1 3 |a La estética del oprimido 
260 0 3 |a Buenos Aires, Argentina  |b Interzona  |c 2016 
300 |a 298 páginas 
490 0 |a Colección Zona de Teatro 
583 |a last modification  |c 20170519 15:42:00  |k Rodrigo Vera 
650 0 |a Filosofía del arte  |9 264951 
650 0 |a Artes escénicas  |9 318853 
650 0 |a Arte dramático  |9 337416 
650 0 |a Crítica e interpretación   |9 255042 
942 |c BK  |2 ddc 
945 |d 20170519 15:42:00  |a dcastane 
952 |0 0  |1 0  |2 ddc  |3 erb  |4 0  |6 792_010000000000000_BOA_2016  |7 0  |8 A  |9 483155  |a BIBART  |b BIBART  |i 5376114  |l 3  |o 792.01 BOA 2016  |p 5376114  |r 2025-04-23  |s 2025-04-21  |t 1  |w 2019-11-24  |y BK  |z Catalogado en:20170519  |k ART